<?xml version="1.0" encoding="UTF-8"?><?xml-stylesheet type="text/xsl" href="static/style.xsl"?><OAI-PMH xmlns="http://www.openarchives.org/OAI/2.0/" xmlns:xsi="http://www.w3.org/2001/XMLSchema-instance" xsi:schemaLocation="http://www.openarchives.org/OAI/2.0/ http://www.openarchives.org/OAI/2.0/OAI-PMH.xsd"><responseDate>2026-04-27T23:23:20Z</responseDate><request verb="GetRecord" identifier="oai:uvadoc.uva.es:10324/7377" metadataPrefix="marc">https://uvadoc.uva.es/oai/request</request><GetRecord><record><header><identifier>oai:uvadoc.uva.es:10324/7377</identifier><datestamp>2021-06-29T10:14:37Z</datestamp><setSpec>com_10324_38</setSpec><setSpec>col_10324_852</setSpec></header><metadata><record xmlns="http://www.loc.gov/MARC21/slim" xmlns:doc="http://www.lyncode.com/xoai" xmlns:xsi="http://www.w3.org/2001/XMLSchema-instance" xmlns:dcterms="http://purl.org/dc/terms/" xsi:schemaLocation="http://www.loc.gov/MARC21/slim http://www.loc.gov/standards/marcxml/schema/MARC21slim.xsd">
<leader>00925njm 22002777a 4500</leader>
<datafield tag="042" ind1=" " ind2=" ">
<subfield code="a">dc</subfield>
</datafield>
<datafield tag="720" ind1=" " ind2=" ">
<subfield code="a">Toresano Varela, Lorena</subfield>
<subfield code="e">author</subfield>
</datafield>
<datafield tag="260" ind1=" " ind2=" ">
<subfield code="c">2014</subfield>
</datafield>
<datafield tag="520" ind1=" " ind2=" ">
<subfield code="a">En los últimos veinte años, la intervención del niño con hipoacusia ha&#xd;
experimentado un destacado avance gracias a factores como: los programas&#xd;
de cribado auditivo que han facilitado la detección precoz, los planes&#xd;
específicos de atención temprana, la adaptación protésica desde los primeros&#xd;
meses de vida y la inclusión de estos niños en protocolos de implante coclear&#xd;
desde edades precoces.&#xd;
Actualmente nos hallamos en la era de los avances tecnológicos por lo que se&#xd;
nos brinda, la posibilidad de asociar la técnica a la mejora de la calidad de vida&#xd;
de las personas a través de un dispositivo llamado implante coclear (a partir de&#xd;
ahora I.C.).&#xd;
Desde el ámbito de la intervención logopédica en atención temprana, además&#xd;
debemos sumar la importancia de actuar de forma precoz, con el fin de obtener&#xd;
el mayor rendimiento a esta ayuda que posibilitará, en la mayoría de los casos,&#xd;
el desarrollo del lenguaje y de una comunicación más efectiva del niño con&#xd;
adultos e iguales.</subfield>
</datafield>
<datafield tag="024" ind2=" " ind1="8">
<subfield code="a">http://uvadoc.uva.es/handle/10324/7377</subfield>
</datafield>
<datafield ind1=" " ind2=" " tag="653">
<subfield code="a">Implante coclear</subfield>
</datafield>
<datafield tag="245" ind1="0" ind2="0">
<subfield code="a">Atención logopédica temprana en niños de 0 a 3 años con implante coclear</subfield>
</datafield>
</record></metadata></record></GetRecord></OAI-PMH>